000 00351pam a2200157a 44500
008 230515b2018 xxu||||| |||| 00| 0 eng d
020 _aNULL
041 _aENGLISH
082 _a624.183412
100 _aS RAMAMRUTHAM
245 _aPRESTRESSED CONCRETE
250 _a1975
260 _aPUNE
_bDHANPAT RAI
_c2018
300 _a264
650 _aNULL
999 _c667140
_d667140